00539 a2200169 4500020001800000050001900018100002600037245009400063250001200157264003900169300001100208500005000219650003400269651001700303700002500320700002400345 a9780409049114 aKF379 RAU 2010 aRautenbach, Ceauthor aIntroduction to legal pliralism in South Africa /cC Rautenbach, JC Bekker and NMI Goolam a3rd ed. aSouth Africa :bLexis Nexis,c2010 a404p.: aIncludes bibliographical references and index aSouth AfricaxLegal Pluralism aSouth Africa aBekker, J.C.qauthor aGoolam, NMIqauthor